5HLuxD.jpg

KING HENRY VIII SENIOR AND PRIMARY SCHOOL LIBRARY OPAC

THE FIRST LAST DAY (Record no. 4705)

000 -LEADER
fixed length control field 00375nam a22001217a 4500
008 - FIXED-LENGTH DATA ELEMENTS--GENERAL INFORMATION
fixed length control field 250310b ||||| |||| 00| 0 eng d
020 ## - INTERNATIONAL STANDARD BOOK NUMBER
International Standard Book Number 9781481458146
082 ## - DEWEY DECIMAL CLASSIFICATION NUMBER
Classification number FIC CIR
100 ## - MAIN ENTRY--PERSONAL NAME
Personal name CIRRONE,DORIAN
Relator term AUTHOR
245 ## - TITLE STATEMENT
Title THE FIRST LAST DAY
260 ## - PUBLICATION, DISTRIBUTION, ETC.
Place of publication, distribution, etc. 1230 AVENUE OF THE AMERICAS,NEW YORK,NEW YORK 10020
Name of publisher, distributor, etc. SIMON&SCHUSTER CHILDREN'S PUBLISHING DIVISION
Date of publication, distribution, etc. 2017
942 ## - ADDED ENTRY ELEMENTS (KOHA)
Source of classification or shelving scheme
Holdings
Withdrawn status Lost status Source of classification or shelving scheme Damaged status Not for loan Collection code Permanent Location Current Location Shelving location Date acquired Total Checkouts Full call number Barcode Date last seen Date last checked out Price effective from Koha item type Public note
          Fiction KH8 Primary School Library KH8 Primary School Library Fiction 2025-07-01 1 FIC CIR KHPL000007302 2025-12-01 2025-11-24 2025-07-01 Books - Fiction KH8 PRIMARY LIBRARY

Powered By KH8 IT Dept